00831nam a2200205 i 4500999001500000001001900015003000400034005001700038006001900055007001500074008004100089040002000130245017700150264001100327300004100338650005600379856006900435942002000504952010100524 c7960d7960991058478168306706OSt20241105141946.0m o d | cr |||||||||||201029s2019 sp a ob 000 0 spa d aCDMRcCDMRbcat10aI Estudi de comunicació interna dels ajuntaments de Catalunyac/ Coordinació, redacció i edició: Síntesi ; amb el suport del Col·legi de Periodistes de Catalunya 1c[2024] a1 recurs electrònic (73 pàgines) 0aComunicació en l'administració93870zCatalunya zAccés en líniauhttps://omeka.periodistes.cat/items/show/717 2udccRECURS_WEB 00104070aCDMRbCDMRd2024-11-05l0oDisponible en líniar2024-11-05w2024-11-05yRECURS_WEB